Top 25 Best U.S. Cities to live in 2024 - Statistics

General Stats
  • This quiz has been taken 42 times
  • The average score is 14 of 25
Answer Stats
Overall Score State City % Correct
7.0 Idaho* Boise
89%
6.8 North Carolina Charlotte
84%
6.8 North Carolina* Raleigh/Durham
84%
6.8 Texas* Austin
81%
6.6 Nebraska Omaha
81%
6.7 Wisconsin* Madison
76%
6.7 South Carolina Charleston
73%
6.8 Alabama Huntsville
73%
6.6 Nebraska* Lincoln
68%
7.0 Colorado Springs
65%
6.6 Indiana Ft. Wayne
62%
6.7 Colorado Boulder
59%
6.6 North Carolina Greensboro
59%
6.6 Kentucky Lexington
59%
6.7 Wisconsin Green Bay
57%
6.6 North Carolina Asheville
54%
6.6 Arkansas Fayetteville
54%
6.6 California San Francisco
54%
6.6 Michigan Ann Arbor
51%
6.6 Indiana South Bend
49%
6.9 South Carolina Greenville
43%
6.7 Florida Sarasota
30%
7.1 Florida Naples
16%
6.6 * Oklahoma City
14%
6.8 Virginia Beach
11%
No matching quizzes found
Score Distribution
Percent of People with Each Score
Percentile by Number Answered
Your Score History
You have not taken this quiz